Powiaty z największą liczbą gmin - Statystyki

Ogólne statystyki
  • Ten quiz został rozwiązany 45 razy
  • Średni wynik to 14 z 20
Statystyki odpowiedzi
Województwo Gminy Odpowiedź % Poprawnych
Świętokrzyskie 19 kielecki
98%
Podlaskie 16 białostocki
93%
Lubelskie 16 lubelski
93%
Małopolskie 17 krakowski
90%
Wielkopolskie 17 poznański
90%
Śląskie 15 częstochowski
85%
Małopolskie 16 nowosądecki
83%
Małopolskie 17 tarnowski
83%
Lubelskie 15 chełmski
78%
Lubelskie 15 zamojski
78%
Podkarpackie 14 rzeszowski
76%
Małopolskie 14 nowotarski
68%
Mazowieckie 15 płocki
68%
Lubelskie 19 bialski
66%
Wielkopolskie 14 koniński
61%
Śląskie 15 żywiecki
56%
Dolnośląskie 14 kłodzki
54%
Łódzkie 14 radomszczański
37%
Lubelskie 14 biłgorajski
34%
Mazowieckie 14 garwoliński
34%
Nie znaleziono quizów pasujących do podanych kryteriów
Rozkład punktacji
Procent ludzi z każdym wynikiem
Percentyl według liczby udzielonych odpowiedzi
Twoja historia wyników
Nie rozwiązałeś tego quizu